000 00619nam a22002297a 4500
005 20170124110221.0
010 _a646220
020 _c3.00
035 _a646220
037 _bCen Lib/Ret
040 _aDPL
_bEN
082 _a954.7
_bMAR
100 _aMarshall, John
_939885
245 _aA guide to taxila /
_cby John Marshall
250 _a6th ed
260 _aCalcutta
_bSuperintendent governement
_c1918
270 _bCalcutta
300 _aviii,124p.:
_c21cm(Hb)
_e ill.
_bmaps
500 _a Includes glossary
650 _aHistory
_zTaxila
_939886
942 _2ddc
_cEN
_h954.7
_mMAR
999 _c134132
_d134132